|
|
|
|
| LEADER |
00659nta a2200205 i 4500 |
| 001 |
dokt5596 |
| 005 |
20220505115624.0 |
| 008 |
220505s1992 hu om 0|| hun d |
| 040 |
|
|
|a SZTE Doktori Repozitórium
|b hun
|
| 041 |
|
|
|a hun
|
| 100 |
1 |
|
|a Sipőcz Katalin
|
| 245 |
1 |
2 |
|a A vogul nyelv színnevei
|h [elektronikus dokumentum] /
|c Sipőcz Katalin
|
| 260 |
|
|
|c 1992
|
| 502 |
|
|
|a Disszertacio
|
| 650 |
|
4 |
|a nyelvtudományok
|
| 650 |
|
4 |
|a Bölcsészettudományok
|
| 650 |
|
4 |
|a Nyelvek és irodalom
|
| 695 |
|
|
|a Uráli nyelvészet
|
| 700 |
1 |
|
|a nincs megadva
|e ths
|
| 856 |
4 |
0 |
|u https://doktori.bibl.u-szeged.hu/id/eprint/5596/1/1992_sipocz_katalin.pdf
|z Dokumentum-elérés
|